| 000 | 00901nam a22002177a 4500 | ||
|---|---|---|---|
| 999 |
_c16209 _d16209 |
||
| 003 | AR-CdUCM | ||
| 008 | 190502b ||||| |||| 00| 0 spa d | ||
| 040 |
_aMUNICIPALIDAD PROVINCIAL DEL CUSCO _cBIBLIOTECA MUNICIPAL DEL CUSCO |
||
| 082 |
_a332.08 / _bAD24 |
||
| 100 |
_aAdler, John H. _935510 |
||
| 245 | _aRecursos financieros y reales para el desarrollo / | ||
| 260 |
_aMéxico : _bCentro de Estudios Monetarios Latinoamericanos, _c1961. |
||
| 300 |
_a148 páginas ; _c22 cm. |
||
| 505 | _aContenido: La política fiscal en un país en desarrollo -- La información estadística disponible -- Algunos principios de hacienda publica -- Estructura del ingreso fiscal apropiada para el desarrollo económico ... | ||
| 650 |
_aFinanzas _94496 |
||
| 650 |
_aDesarrollo económico _91696 |
||
| 650 |
_aMoneda _95487 |
||
| 650 |
_aInflación _94615 |
||
| 942 |
_2ddc _cLIBROS |
||
| 945 |
_aacv _d2019-05-02 |
||